KILLEYS FRACTURES OF THE MANDIBLE (Record no. 3828)
[ view plain ]
| 000 -LEADER | |
|---|---|
| fixed length control field | 00372nam a2200145Ia 4500 |
| 008 - FIXED-LENGTH DATA ELEMENTS--GENERAL INFORMATION | |
| fixed length control field | 150201s1993 xx 000 0 und d |
| 082 ## - DEWEY DECIMAL CLASSIFICATION NUMBER | |
| Classification number | 617.525 |
| Item number | K1993P |
| 100 ## - MAIN ENTRY--PERSONAL NAME | |
| Personal name | PETER BANKS |
| 245 ## - TITLE STATEMENT | |
| Title | KILLEYS FRACTURES OF THE MANDIBLE |
| 250 ## - EDITION STATEMENT | |
| Edition statement | 1ST |
| 260 ## - PUBLICATION, DISTRIBUTION, ETC. (IMPRINT) | |
| Name of publisher, distributor, etc. | VARGHESE PUBLICATION |
| Place of publication, distribution, etc. | DADAR(MUMBAI) |
| Date of publication, distribution, etc. | 1993 |
| 300 ## - PHYSICAL DESCRIPTION | |
| Extent | 1-250 |
| 650 ## - SUBJECT ADDED ENTRY--TOPICAL TERM | |
| Topical term or geographic name as entry element | ORAL SURGERY |
| 942 ## - ADDED ENTRY ELEMENTS (KOHA) | |
| Source of classification or shelving scheme | Dewey Decimal Classification |
| Koha item type | Books |
| Koha issues (borrowed), all copies | 7 |
| Withdrawn status | Lost status | Source of classification or shelving scheme | Damaged status | Not for loan | Home library | Current library | Date acquired | Source of acquisition | Cost, normal purchase price | Serial Enumeration / chronology | SGTU | Bill Number | Total Checkouts | Total Renewals | Full call number | Barcode | Date last seen | Date last checked out | Bill Date | Koha item type |
|---|---|---|---|---|---|---|---|---|---|---|---|---|---|---|---|---|---|---|---|---|
| Dewey Decimal Classification | SGT Dental Library | SGT Dental Library | 09/01/2008 | DELHI BOOK STORE( DELHI) | 250.00 | 1 | SGTU | 1550 | 11 | 1 | 617.525 K1993P | FD4748 | 08/10/2024 | 27/09/2024 | 17/10/2012 | Books | ||||
| Dewey Decimal Classification | SGT Dental Library | SGT Dental Library | 09/01/2008 | DELHI BOOK STORE( DELHI) | 250.00 | 1 | SGTU | 1550 | 9 | 617.525 K1993P | FD4749 | 13/03/2026 | 05/03/2026 | 17/10/2012 | Books | |||||
| Dewey Decimal Classification | SGT Dental Library | SGT Dental Library | 09/01/2008 | DELHI BOOK STORE( DELHI) | 250.00 | 1 | SGTU | 1550 | 3 | 617.525 K1993P | FD4750 | 13/07/2024 | 27/06/2024 | 17/10/2012 | Books |